000
00267nam a2200109Ia 4500
008
230907s9999||||xx |||||||||||||| ||und||
082
_a
621.31
_b
SAU
100
_a
Sauer, Peter W.,
245
0
_a
Power system dynamics and stability :
300
_a
358 p.
942
_c
BK
999
_c
600674
_d
600674